ARRUPE JESUIT UNIVERSITY

CORONAVIRUS -STOP THE SPREAD - CLEAN,DISINFECT,COVER

Mussolini (Record no. 126418)

MARC details
000 -LEADER
fixed length control field 00956cam a22002771 4500
001 - CONTROL NUMBER
control field 7449376
003 - CONTROL NUMBER IDENTIFIER
control field ARRUPE
005 - DATE AND TIME OF LATEST TRANSACTION
control field 20170412095716.0
008 - FIXED-LENGTH DATA ELEMENTS--GENERAL INFORMATION
fixed length control field 740613s1953 enkac b 000 0 eng
010 ## - LIBRARY OF CONGRESS CONTROL NUMBER
LC control number a 54001649
015 ## - NATIONAL BIBLIOGRAPHY NUMBER
National bibliography number GB53-10133
035 ## - SYSTEM CONTROL NUMBER
System control number (OCoLC)917653
040 ## - CATALOGING SOURCE
Original cataloging agency DLC
Transcribing agency PPSJ
Modifying agency OCoLC
-- Uk
-- DLC
050 00 - LIBRARY OF CONGRESS CALL NUMBER
Classification number DG575.M8
Item number M614 1953
082 00 - DEWEY DECIMAL CLASSIFICATION NUMBER
Classification number 945.091/092
-- B
300 ## - PHYSICAL DESCRIPTION
Other physical details illus., ports.
Dimensions 22 cm.
100 1# - MAIN ENTRY--PERSONAL NAME
Personal name Monelli, Paolo,
Dates associated with a name 1891-
9 (RLIN) 29860
245 00 - TITLE STATEMENT
Title Mussolini
Statement of responsibility, etc Paolo Monelli
Remainder of title an intimate life.
260 ## - PUBLICATION, DISTRIBUTION, ETC. (IMPRINT)
Place of publication, distribution, etc London,
Name of publisher, distributor, etc Thames and Hudson
Date of publication, distribution, etc [1953]
300 ## - PHYSICAL DESCRIPTION
Extent 304 p.
500 ## - GENERAL NOTE
General note Translation of Mussolini, piccolo borghese.
504 ## - BIBLIOGRAPHY, ETC. NOTE
Bibliography, etc Bibliographical references included in "Notes" (p. 272-292)
600 10 - SUBJECT ADDED ENTRY--PERSONAL NAME
Personal name Mussolini, Benito,
Dates associated with a name 1883-1945.
9 (RLIN) 29861
650 #0 - SUBJECT ADDED ENTRY--TOPICAL TERM
Topical term or geographic name as entry element Fascism
Geographic subdivision Italy.
9 (RLIN) 29862
906 ## - LOCAL DATA ELEMENT F, LDF (RLIN)
a 7
b cbc
c oclcrpl
d u
e ncip
f 19
g y-gencatlg
942 ## - ADDED ENTRY ELEMENTS (KOHA)
Source of classification or shelving scheme Library of Congress Classification
Koha item type Monograph ( Printed materials)
Holdings
Withdrawn status Lost status Source of classification or shelving scheme Damaged status Not for loan Collection code Home library Current library Shelving location Date acquired Total Checkouts Full call number Barcode Date last seen Price effective from Koha item type
    Library of Congress Classification     Main Collection ARRUPE LIBRARY ARRUPE LIBRARY Main Collection 12/04/2017   DG575.M8 M614 1953 46500024396 04/12/2017 12/04/2017 Monograph ( Printed materials)

 

Arrupe Library. PO Box MP320 Mt Pleasant, Harare, Zimbabwe
263 242 745411|librarian@aju.ac.zw